Jobs from housing : (Record no. 1341)

MARC details
000 -LEADER
fixed length control field 00684nam a2200217 4500
003 - CONTROL NUMBER IDENTIFIER
control field OSt
005 - DATE AND TIME OF LATEST TRANSACTION
control field 20150408145319.0
008 - FIXED-LENGTH DATA ELEMENTS--GENERAL INFORMATION
fixed length control field 150408b xxu||||| |||| 00| 0 eng d
020 ## - INTERNATIONAL STANDARD BOOK NUMBER
International Standard Book Number 185339212
040 ## - CATALOGING SOURCE
Transcribing agency 040a
082 ## - DEWEY DECIMAL CLASSIFICATION NUMBER
Classification number 363.5
Item number SPE 1993
100 ## - MAIN ENTRY--PERSONAL NAME
Personal name Spence, Robin
9 (RLIN) 3559
245 ## - TITLE STATEMENT
Title Jobs from housing :
Remainder of title employment, building materials, and enabling strategies for urban development /
Statement of responsibility, etc. Robin Spence, Jill Wells and Eric Dudley
260 ## - PUBLICATION, DISTRIBUTION, ETC. (IMPRINT)
Place of publication, distribution, etc. Cambrigde
Name of publisher, distributor, etc. IT Publications
Date of publication, distribution, etc. 1993
300 ## - PHYSICAL DESCRIPTION
Extent vii, 104 p;
Other physical details ill :
Dimensions 18 cm.
504 ## - BIBLIOGRAPHY, ETC. NOTE
Bibliography, etc includes index
650 ## - SUBJECT ADDED ENTRY--TOPICAL TERM
Topical term or geographic name as entry element jobs from housing
9 (RLIN) 3560
700 ## - ADDED ENTRY--PERSONAL NAME
Personal name Well, Jill
9 (RLIN) 3561
700 ## - ADDED ENTRY--PERSONAL NAME
Personal name Dudley, Eric
9 (RLIN) 3562
942 ## - ADDED ENTRY ELEMENTS (KOHA)
Source of classification or shelving scheme Dewey Decimal Classification
Koha item type Short Loan
Holdings
Withdrawn status Lost status Source of classification or shelving scheme Damaged status Not for loan Home library Current library Date acquired Inventory number Total Checkouts Full call number Barcode Date last seen Price effective from Koha item type
    Dewey Decimal Classification     MUST Main Library MUST Main Library 08/04/2015 2002/17749   363.5 SPE 1993 2015-0789 08/04/2015 08/04/2015 Short Loan